Así son los sindicatos españoles / (Record no. 111695)

MARC details
000 -LEADER
campo de control de longitud fija 00487nam a2200157 4500
001 - NÚMERO DE CONTROL
campo de control 111695
003 - IDENTIFICADOR DE NÚMERO DE CONTROL
campo de control ES-MaACL
005 - FECHA Y HORA DE LA ÚLTIMA TRANSACCIÓN
campo de control 20230906185338.0
007 - CAMPO FIJO DE DESCRIPCIÓN FÍSICA--INFORMACIÓN GENERAL
campo de control de longitud fija t|
008 - DATOS DE LONGITUD FIJA--INFORMACIÓN GENERAL
campo de control de longitud fija 061121s1973 sp r ||||1| spa d
110 2# - ENTRADA PRINCIPAL--NOMBRE DE ENTIDAD CORPORATIVA
Nombre de entidad corporativa o nombre de jurisdicción como elemento de entrada Organización Sindical Española.
9 (RLIN) 6077
245 10 - MENCIÓN DEL TÍTULO
Título Así son los sindicatos españoles /
Mención de responsabilidad, etc. Organización Sindical Española.
260 ## - PUBLICACIÓN, DISTRIBUCIÓN, ETC.
Lugar de publicación, distribución, etc. Madrid :
Nombre del editor, distribuidor, etc. [s.n.],
Fecha de publicación, distribución, etc. 1973 (
Fabricante Imp. Rivadeneyra)
300 ## - DESCRIPCIÓN FÍSICA
Extensión 12 v. :
Otras características físicas il. ;
Dimensiones 26 cm.
852 ## - LOCALIZACIÓN
Ubicación ES-MaACL
Número de control de estantería C-55413
Sublocalización o colección R.86845
Holdings
Estatus retirado Estado de pérdida Estado de daño No para préstamo Biblioteca de origen Biblioteca actual Ubicación en estantería Fecha de adquisición Fuente de adquisición Total de préstamos Signatura topográfica completa Código de barras Visto por última vez Precio de reemplazo Tipo de ítem Koha
        Biblioteca del Ateneo de Madrid Biblioteca del Ateneo de Madrid Depósito 2 17/01/2008     C-55413 1116519 23/02/2023 23/02/2023 Libro impreso